000 00813nam a22002057a 4500
999 _c12440
_d12440
003 AR-CdUCM
008 190408b ||||| |||| 00| 0 spa d
040 _aMUNICIPALIDAD PROVINCIAL DEL CUSCO
_cBIBLIOTECA MUNICIPAL DEL CUSCO
082 _22 ed.
_a923.5 /
_bN24
100 _aMuñoz Escámez, José
_930288
245 _aNapoleón intimo :
_bMemoria de su secretario particular Fauvelet de Bourrienne /
260 _aParís :
_bBouret.
300 _a223 páginas ;
_c19 cm.
505 _aContenido : ¿Quien era Bourrienne ? -- Fecha autentica de nacimiento de Bonaparte -- Como conocí a Bonaparte -- Informe de Napoleón acerca de la escuela en que estudiaba ...
650 _aHistoria
_9246
650 _aUniversal
_918236
650 _aEuropeo
_930289
942 _2ddc
_cLIBROS
945 _arah
_d08/04/2019